<?xml version="1.0" encoding="UTF-8"?>
<record
    xmlns:xsi="http://www.w3.org/2001/XMLSchema-instance"
    xsi:schemaLocation="http://www.loc.gov/MARC21/slim http://www.loc.gov/standards/marcxml/schema/MARC21slim.xsd"
    xmlns="http://www.loc.gov/MARC21/slim">

  <leader>03495nam a22004697a 4500</leader>
  <datafield tag="999" ind1=" " ind2=" ">
    <subfield code="c">6601</subfield>
    <subfield code="d">6601</subfield>
  </datafield>
  <controlfield tag="003">OSt</controlfield>
  <controlfield tag="005">20260409125350.0</controlfield>
  <controlfield tag="008">190228c        xxuf||p| |||| 00| 0 spa d</controlfield>
  <datafield tag="040" ind1=" " ind2=" ">
    <subfield code="c">PJ</subfield>
  </datafield>
  <datafield tag="245" ind1="1" ind2="0">
    <subfield code="a">Revista de derecho laboral :</subfield>
    <subfield code="b">las indemnizaciones laborales - II /</subfield>
    <subfield code="c">director Mario E. Ackerman.</subfield>
  </datafield>
  <datafield tag="260" ind1=" " ind2=" ">
    <subfield code="a">Santa F&#xE9; :</subfield>
    <subfield code="b">Rubinzal-Culzoni,</subfield>
    <subfield code="c">2022.</subfield>
  </datafield>
  <datafield tag="300" ind1=" " ind2=" ">
    <subfield code="a">668 p.</subfield>
    <subfield code="c">22 cm.</subfield>
  </datafield>
  <datafield tag="310" ind1=" " ind2=" ">
    <subfield code="a">semestral</subfield>
  </datafield>
  <datafield tag="362" ind1=" " ind2=" ">
    <subfield code="a">No. 2 (2022)</subfield>
  </datafield>
  <datafield tag="505" ind1=" " ind2=" ">
    <subfield code="t">Historia y cronolog&#xED;a de la evoluci&#xF3;n de las prestaciones econ&#xF3;micas del r&#xE9;gimen de riesgos del trabajo /</subfield>
    <subfield code="r">Miguel &#xC1;ngel Maza.</subfield>
  </datafield>
  <datafield tag="505" ind1=" " ind2=" ">
    <subfield code="t">El art&#xED;culo 3&#xBA; de la ley 26.773 y los da&#xF1;os a la persona en el c&#xF3;digo civil y comercial de la naci&#xF3;n /</subfield>
    <subfield code="r">Ricardo Arturo Foglia y Ricardo Foglia.</subfield>
  </datafield>
  <datafield tag="505" ind1=" " ind2=" ">
    <subfield code="t">Prestaciones reparadoras de la incapacidad laboral temporaria (ilt) en el sistema de riesgos del trabajo /</subfield>
    <subfield code="r">Luis Enrique Ram&#xED;rez.</subfield>
  </datafield>
  <datafield tag="505" ind1=" " ind2=" ">
    <subfield code="t">Algunas cuestiones sobre el nuevo art&#xED;culo 12 de la lrt /</subfield>
    <subfield code="r"> Mauricio Adri&#xE1;n Marionsini y Ricardo Le&#xF3;n Ch&#xE9;rcoles.</subfield>
  </datafield>
  <datafield tag="505" ind1=" " ind2=" ">
    <subfield code="t">Las indemnizaciones en el &#xE1;mbito civil. criterios de evaluaci&#xF3;n y cuantificaci&#xF3;n. su comparaci&#xF3;n con el sistema de riesgos del trabajo /</subfield>
    <subfield code="r"> Mar&#xED;a Fabiana Compiani.</subfield>
  </datafield>
  <datafield tag="505" ind1=" " ind2=" ">
    <subfield code="t">Necesidad de recuperar las desaparecidas acciones civiles por infortunios del trabajo /</subfield>
    <subfield code="r">Jorge El&#xED;as.</subfield>
  </datafield>
  <datafield tag="505" ind1=" " ind2=" ">
    <subfield code="t">Los reclamos fundados en normas de derecho com&#xFA;n contra las art aspectos sustanciales y procesales reparaci&#xF3;n de los da&#xF1;os causados por la falta de prevenci&#xF3;n /</subfield>
    <subfield code="r">Laura Mariana Soage.</subfield>
  </datafield>
  <datafield tag="505" ind1=" " ind2=" ">
    <subfield code="t">El asedio de minor&#xED;as intensas al est&#xE1;ndar constitucional de protecci&#xF3;n del empleo /</subfield>
    <subfield code="r"> Jos&#xE9; Daniel Machado.</subfield>
  </datafield>
  <datafield tag="505" ind1=" " ind2=" ">
    <subfield code="t">Omisi&#xF3;n de entrega de certificado de trabajo o de constancias documentadas de aportes y contribuciones /</subfield>
    <subfield code="r">Silvina Ver&#xF3;nica Arcaro.</subfield>
  </datafield>
  <datafield tag="505" ind1=" " ind2=" ">
    <subfield code="t">Indemnizaciones por vacaciones no gozadas y por vacaciones no otorgadas /</subfield>
    <subfield code="r">Juan Ignacio Orsini.</subfield>
  </datafield>
  <datafield tag="505" ind1=" " ind2=" ">
    <subfield code="t">Da&#xF1;os a la expectativa en la ejecuci&#xF3;n del contrato de trabajo y su reparaci&#xF3;n /</subfield>
    <subfield code="r">An&#xED;bal Cuadrado.</subfield>
  </datafield>
  <datafield tag="505" ind1=" " ind2=" ">
    <subfield code="t">Extensi&#xF3;n de la reparaci&#xF3;n de los da&#xF1;os ocasionados durante el per&#xED;odo de formaci&#xF3;n definitiva del contrato de trabajo /</subfield>
    <subfield code="r">Diego J. Tula.</subfield>
  </datafield>
  <datafield tag="505" ind1=" " ind2=" ">
    <subfield code="t">Omisi&#xF3;n de pago de indemnizaciones por despido injustificado y sustitutiva del preaviso. &#xBF;qu&#xE9; da&#xF1;os indemniza el art&#xED;culo 2&#xBA; de la ley 25.323? /</subfield>
    <subfield code="r">Sebasti&#xE1;n Coppoletta.</subfield>
  </datafield>
  <datafield tag="505" ind1=" " ind2=" ">
    <subfield code="t">Comentarios sobre el da&#xF1;o moral y la indemnizaci&#xF3;n extratarifaria /</subfield>
    <subfield code="r"> Diego Fernando Manauta.</subfield>
  </datafield>
  <datafield tag="505" ind1=" " ind2=" ">
    <subfield code="t">La &#x201C;indemnizaci&#xF3;n reducida&#x201D; de la ley de contrato de trabajo (art&#xED;culo 247) /</subfield>
    <subfield code="r">Silvia E. Pinto Varela.</subfield>
  </datafield>
  <datafield tag="505" ind1=" " ind2=" ">
    <subfield code="t">La indemnizaci&#xF3;n por muerte en la ley de contrato de trabajo /</subfield>
    <subfield code="r"> Gast&#xF3;n Emiliano L&#xF3;pez Argonz.</subfield>
  </datafield>
  <datafield tag="505" ind1=" " ind2=" ">
    <subfield code="t">La opci&#xF3;n indemnizatoria en la tutela sindical /</subfield>
    <subfield code="r"> Horacio Las Heras.</subfield>
  </datafield>
  <datafield tag="505" ind1=" " ind2=" ">
    <subfield code="t">Sobre las indemnizaciones basadas en la relaci&#xF3;n de consumo y las pr&#xE1;cticas violentas en el marco de la lrt  /</subfield>
    <subfield code="r">C&#xE9;sar Arese.</subfield>
  </datafield>
  <datafield tag="505" ind1=" " ind2=" ">
    <subfield code="t">Sumarios y sistematizaci&#xF3;n de fallos /</subfield>
    <subfield code="r"> Mar&#xED;a Isabel Sforsini y Diego Guirado Colaborador: Nahuel Nehuen Espinillo.</subfield>
  </datafield>
  <datafield tag="650" ind1=" " ind2="0">
    <subfield code="9">1316</subfield>
    <subfield code="a">DERECHO LABORAL</subfield>
  </datafield>
  <datafield tag="650" ind1=" " ind2="0">
    <subfield code="9">1382</subfield>
    <subfield code="a">INDEMNIZACION</subfield>
  </datafield>
  <datafield tag="650" ind1=" " ind2="0">
    <subfield code="9">1323</subfield>
    <subfield code="a">CONTRATO DE TRABAJO</subfield>
  </datafield>
  <datafield tag="650" ind1=" " ind2="0">
    <subfield code="9">1533</subfield>
    <subfield code="a">DESPIDO</subfield>
  </datafield>
  <datafield tag="700" ind1=" " ind2=" ">
    <subfield code="9">1423</subfield>
    <subfield code="a">Ackermann, Mario Eduardo</subfield>
    <subfield code="e">director</subfield>
  </datafield>
  <datafield tag="856" ind1=" " ind2=" ">
    <subfield code="u">https://www.rubinzal.com.ar/revistas/revista-de-derecho-laboral/5/?home=1</subfield>
    <subfield code="y">Rubinzal Culzoni Editores</subfield>
  </datafield>
  <datafield tag="942" ind1=" " ind2=" ">
    <subfield code="2">udc</subfield>
    <subfield code="c">PP</subfield>
    <subfield code="h">347.1(05)</subfield>
    <subfield code="i">REV</subfield>
  </datafield>
  <datafield tag="952" ind1=" " ind2=" ">
    <subfield code="0">0</subfield>
    <subfield code="1">0</subfield>
    <subfield code="2">udc</subfield>
    <subfield code="4">0</subfield>
    <subfield code="7">0</subfield>
    <subfield code="a">DJS</subfield>
    <subfield code="b">DJS</subfield>
    <subfield code="d">2026-04-09</subfield>
    <subfield code="p">6565</subfield>
    <subfield code="r">2026-04-09</subfield>
    <subfield code="w">2026-04-09</subfield>
    <subfield code="y">PP</subfield>
  </datafield>
</record>
